|
|
|
|
| LEADER |
01652Nam#a2200313#a#4500 |
| 001 |
026058 |
| 005 |
20160721161840.0 |
| 008 |
140411s2007||||ag d ##m a000|0#spa#d |
| 020 |
|
|
|a 9789503305980
|
| 040 |
|
|
|a AR-BeUNQ
|b spa
|
| 082 |
0 |
4 |
|a 353.88284
|2 21
|
| 100 |
1 |
|
|a Riveros de Jornet, Lucía Graciela.
|
| 245 |
0 |
2 |
|a Reformas universitarias en Argentina y la incidencia del pensamiento neoliberal :
|b ¿hacia la mercantilización de la educación superior?
|c Lucía G. Riveros de Jornet.
|
| 260 |
|
|
|a Córdoba :
|b Universidad Nacional de Córdoba,
|c 2007.
|
| 300 |
|
|
|a 146 p. :
|b gráficos ;
|c 22 cm.
|
| 490 |
1 |
|
|a Tesis de Maestría en Relaciones Internacionales ;
|
| 500 |
|
|
|a "Tesis para optar por el grado de Magister en Relaciones Internacionales"--Port.
|
| 504 |
|
|
|a Bibliografía: p. 115-120.
|
| 505 |
0 |
|
|a El Banco Mundial: organización institucional, políticas e ideología -- El Banco Mundial inspirador de las reformas en educación superior: el diagnóstico inicial en Argentina -- Programa de Reforma de Educación Superior (PRES) -- La Ley de Educación Superior (L.E.S.) 24521 -- Impactos del pensamiento neoliberal en las Univerisdades Nacionales de Argentina -- Consideraciones finales -- Anexos
|
| 650 |
|
7 |
|a Enseñanza superior
|2 spines
|
| 650 |
|
7 |
|a Legislación educativa
|2 spines
|
| 650 |
|
7 |
|a Menem. 1989-1999
|2 tha
|
| 650 |
|
7 |
|a Planes de estudios
|2 spines
|
| 651 |
|
7 |
|a Argentina
|2 spines
|
| 653 |
|
|
|a Reforma universitaria
|
| 830 |
|
0 |
|a Tesis de Maestría en Relaciones Internacionales. ;
|v 9
|
| 929 |
|
|
|a CANJE
|b Universidad Nacional de Córdoba
|e 20100616
|f PAT0034592
|j 51152
|
| 942 |
|
|
|c LIB
|n 0
|
| 999 |
|
|
|c 23980
|d 99367
|